000 00715nam a2200217 i 4500
001 124346
003 ES-MaACL
005 20250813062601.0
008 070322s1927 sp abf |||| | spa d
080 _a913(44)
100 1 _aScheu, Erwin.
_9104320
245 1 0 _aGeografía de Francia /
_cErwin Scheu ; traducción de Leonardo Martín Echeverría.
260 _aBarcelona :
_bLabor,
_c[1927]
300 _a176 p., XVI p. de lám., 1 h. pleg. de mapa :
_bil. ;
_c17 cm.
490 1 _aColección Labor ;
_v103
651 4 _aFrancia-
_xGeografía.
_9137174
700 1 _aMartín Echeverría, Leonardo.
_977479
830 0 0 _aColección Labor
_v103
_9184254
852 _aES-MaACL
_jE-2636
999 _c124346
_d124346